000
00323nam a22001337a 4500
008
210527b ||||| |||| 00| 0 eng d
041
_a
eng
080
_a
94
082
_a
94
100
_a
16
101
_a
SHH
245
_a
The David A.Sayre History Symposium: Collected Lectures, 1985-1989
_c
Simon,F.K
942
_2
udc
_c
BK
999
_c
57680
_d
57680